000 00357nam a2200145 i 4500
001 bg
100 1 _aKRUSCHE, R.
245 0 _aObróbka cieplna kół zębatych /
_cR. Krusche, T.Zaborowski.
260 _aGorzów Wlkp.,
_c1984.
700 1 _aZABOROWSKI, T.
040 _cBPK
041 _apol
942 _cKS
008 s pl f |000 0 pol
999 _c28256
_d28256
856 _uhttp://koha.tu.koszalin.pl/cgi-bin/koha/opac-detail.pl?biblionumber=28256
_yKatalog online BPK